Statistics for Most Populous Islands - Letter C

Click here to take the quiz!

General Stats

  • This quiz has been taken 40 times
  • The average score is 3 of 6

Answer Stats

PopulationIsland% Correct
1.09 milCyprus
80%
11.2 milCuba
77%
623 kCrete
63%
3.36 milCebu
54%
763 kCangshan
6%
615 kChongming
3%

Score Distribution

Percentile by Number Answered

Percent of People with Each Score

Your Score History

You have not taken this quiz